|
|
|
|
| LEADER |
07805nam a22005173i 4500 |
| 001 |
EBC6913599 |
| 003 |
MiAaPQ |
| 005 |
20231204023221.0 |
| 006 |
m o d | |
| 007 |
cr cnu|||||||| |
| 008 |
231204s2020 xx o ||||0 eng d |
| 020 |
|
|
|a 9788021097810
|q (electronic bk.)
|
| 035 |
|
|
|a (MiAaPQ)EBC6913599
|
| 035 |
|
|
|a (Au-PeEL)EBL6913599
|
| 035 |
|
|
|a (OCoLC)1305842220
|
| 040 |
|
|
|a MiAaPQ
|b eng
|e rda
|e pn
|c MiAaPQ
|d MiAaPQ
|
| 100 |
1 |
|
|a Koryčánková, Simona.
|
| 245 |
1 |
0 |
|a Current issues of the Russian language teaching XIV.
|
| 250 |
|
|
|a 1st ed.
|
| 264 |
|
1 |
|a Brno :
|b Masaryk University,
|c 2020.
|
| 264 |
|
4 |
|c {copy}2021.
|
| 300 |
|
|
|a 1 online resource (212 pages)
|
| 336 |
|
|
|a text
|b txt
|2 rdacontent
|
| 337 |
|
|
|a computer
|b c
|2 rdamedia
|
| 338 |
|
|
|a online resource
|b cr
|2 rdacarrier
|
| 490 |
1 |
|
|a Sborník prací Pedagogické fakulty Masarykovy univerzity ;
|v v.276
|
| 505 |
0 |
|
|a METHODOLOGY ISSUES -- A Reading-Book in Russian Literature: The Text Preparation and the First Opinion of its Use -- Josef Dohnal -- Working with Poetic Text of Vasily Shukshin - the Red Guelder Rose (Калина Красная) While Teaching Russian as a Foreign Language -- Language Games in Teaching Russian as a Foreign Language -- Olga Iermachkova Katarína Chválová -- Specificity of Language Material Selection for Introduction of Russian Imperative Mood in "Russian as a Foreign Language" Classes -- Elena Kolosova -- Poetic Texts in Teaching of Russian on B1 Level (On the Example of Working with Vocabulary Denoting Perception in the Poems of O. Březina and V. S. Solovyov) -- Simona Korycankova -- Speaking Accuracy of Russian Language Learners in Czech Lower Secondary Schools -- Janina Krejčí -- Use of Digital Technologies in Russian Language Teaching -- Miroslav Půža -- Integrating Poetry into the Foreign Language Classroom from the Point of View of Second Language Acquisition -- Tatiana Savchenko -- Verbal Aspect in Teaching Russian as a Foreign Language -- Liudmila V. Valova -- ISSUES OF LINGUISTICS -- Metaphoric Representation of the Concept "Creative Process" in V. Nabokov's Novel "The Gift" -- Yuliya Golovnyova Albina Novikova -- Polyprefixal Verbs of Silence in Russian and Polish -- Tatiana Kopylova Liliia Kilina -- Images of Sound in Original and Translated Poems by Boris Pasternak -- larisa Kryukova Anna Khiznichenko -- The Structure of Professional Knowledge and Construction of Terminological Dictionaries -- Anna Glogowska Piotr J. Michalowski -- Features of Word Formation in Contemporary Mass Media Texts (In Russian and Croatian Language) -- Marina Radčenko -- The Language Component of The Film "Serf" as a Reflection of the Linguistic Features of Modern Russian Colloquial Speech (Russian as a Foreign Language).
|
| 505 |
8 |
|
|a Evgeniya Rubtsova Tatiana Romanova -- Linguacultural Dominants in Modern Russian Media Word Creation -- Nadezhda Samylicheva -- Neuter Gender Diminutive Suffixes in Russian in Comparison to Czech -- Anastasija Sokolova Kateřina Strachotová -- ISSUES OF LITERARY SCIENCE -- Fact and Allegory: Two Poles in The Representation of War (on the Example of "War's Unwomanly Face" by S. Alexievich and "The Cursed and The Slain" by V. Astafiev) -- Olga Gubskaya Olga Jilevich -- The Spase of Light and Darkness in the Context of the Creative History of M.A. Bulgakov's Novel the Master and Margarita -- Elena Kolysheva -- Thoughts on Boundaries in the Russian Linguistic Consciousness: Background and Traditions -- Maria S. Milovanova Alexandra N. Matrusova -- Comparison of Tongue Twisters in Czech and Russian Languages -- Lenka Rozboudová Evgeniia Korneeva -- Formulations of Wishes in the Traditional Russian Folklore and in the Internet Communication -- Oleh Tyshchenko -- METHODOLOGY ISSUES -- A Reading-Book in Russian Literature: The Text Preparation and the First Opinion of its Use -- Josef Dohnal -- Working with Poetic Text of Vasily Shukshin - the Red Guelder Rose (Калина Красная) While Teaching Russian as a Foreign Language -- Language Games in Teaching Russian as a Foreign Language -- Olga Iermachkova Katarína Chválová -- Specificity of Language Material Selection for Introduction of Russian Imperative Mood in "Russian as a Foreign Language" Classes -- Elena Kolosova -- Poetic Texts in Teaching of Russian on B1 Level (On the Example of Working with Vocabulary Denoting Perception in the Poems of O. Březina and V. S. Solovyov) -- Simona Korycankova -- Speaking Accuracy of Russian Language Learners in Czech Lower Secondary Schools -- Janina Krejčí -- Use of Digital Technologies in Russian Language Teaching -- Miroslav Půža.
|
| 505 |
8 |
|
|a Integrating Poetry into the Foreign Language Classroom from the Point of View of Second Language Acquisition -- Tatiana Savchenko -- Verbal Aspect in Teaching Russian as a Foreign Language -- Liudmila V. Valova -- ISSUES OF LINGUISTICS -- Metaphoric Representation of the Concept "Creative Process" in V. Nabokov's Novel "The Gift" -- Yuliya Golovnyova Albina Novikova -- Polyprefixal Verbs of Silence in Russian and Polish -- Tatiana Kopylova Liliia Kilina -- Images of Sound in Original and Translated Poems by Boris Pasternak -- larisa Kryukova Anna Khiznichenko -- The Structure of Professional Knowledge and Construction of Terminological Dictionaries -- Anna Glogowska Piotr J. Michalowski -- Features of Word Formation in Contemporary Mass Media Texts (In Russian and Croatian Language) -- Marina Radčenko -- The Language Component of The Film "Serf" as a Reflection of the Linguistic Features of Modern Russian Colloquial Speech (Russian as a Foreign Language) -- Evgeniya Rubtsova Tatiana Romanova -- Linguacultural Dominants in Modern Russian Media Word Creation -- Nadezhda Samylicheva -- Neuter Gender Diminutive Suffixes in Russian in Comparison to Czech -- Anastasija Sokolova Kateřina Strachotová -- ISSUES OF LITERARY SCIENCE -- Fact and Allegory: Two Poles in The Representation of War (on the Example of "War's Unwomanly Face" by S. Alexievich and "The Cursed and The Slain" by V. Astafiev) -- Olga Gubskaya Olga Jilevich -- The Spase of Light and Darkness in the Context of the Creative History of M.A. Bulgakov's Novel the Master and Margarita -- Elena Kolysheva -- Thoughts on Boundaries in the Russian Linguistic Consciousness: Background and Traditions -- Maria S. Milovanova Alexandra N. Matrusova -- Comparison of Tongue Twisters in Czech and Russian Languages -- Lenka Rozboudová Evgeniia Korneeva.
|
| 505 |
8 |
|
|a Formulations of Wishes in the Traditional Russian Folklore and in the Internet Communication -- Oleh Tyshchenko -- Work With Metarealism/Neo-Baroque Poetic Texts in The Russian as a Foreign Language Classroom -- Andrea Grominová.
|
| 588 |
|
|
|a Description based on publisher supplied metadata and other sources.
|
| 590 |
|
|
|a Electronic reproduction. Ann Arbor, Michigan : ProQuest Ebook Central, 2023. Available via World Wide Web. Access may be limited to ProQuest Ebook Central affiliated libraries.
|
| 655 |
|
4 |
|a Electronic books.
|
| 700 |
1 |
|
|a Sokolova, Anastasija.
|
| 700 |
1 |
|
|a Dohnal, Josef.
|
| 700 |
1 |
|
|a Figedyová, Marianna.
|
| 700 |
1 |
|
|a Iermachkova, Olga.
|
| 700 |
1 |
|
|a Chválová, Katarína.
|
| 700 |
1 |
|
|a Kolosova, Elena.
|
| 700 |
1 |
|
|a Krejčí, Janina.
|
| 700 |
1 |
|
|a Půža, Miroslav.
|
| 700 |
1 |
|
|a Savchenko, Tatiana.
|
| 776 |
0 |
8 |
|i Print version:
|a Koryčánková, Simona
|t Current issues of the Russian language teaching XIV
|d Brno : Masaryk University,c2020
|
| 797 |
2 |
|
|a ProQuest (Firm)
|
| 830 |
|
0 |
|a Sborník prací Pedagogické fakulty Masarykovy univerzity
|
| 856 |
4 |
0 |
|u https://ebookcentral.proquest.com/lib/matrademy/detail.action?docID=6913599
|z Click to View
|